| 000 | 00530nam a2200181Ia 4500 | ||
|---|---|---|---|
| 999 |
_c195 _d195 |
||
| 003 | OSt | ||
| 005 | 20241126110332.0 | ||
| 008 | 160602b xxu||||| |||| 00| 0 eng d | ||
| 040 | _cgbc | ||
| 082 |
_a220.5200954 _bHOO |
||
| 100 |
_aHooper, J.S.M _97376 |
||
| 245 | 4 |
_aThe Bible Translation: _bin India, Pakistan and Ceylon / _cJ. S. M. Hooper |
|
| 250 | _a2nd Ed. | ||
| 260 |
_bOxford University Press, _aLondon: _c1963 |
||
| 300 |
_a226p.; _bill., _c18 cm. |
||
| 653 | _aBible - Modern Versions and Translations | ||
| 942 |
_e2 _2ddc _cBK |
||